| 000 | 00664nam a22001817a 4500 | ||
|---|---|---|---|
| 003 | BD-DhUL | ||
| 005 | 20160818190245.0 | ||
| 008 | 160818s2003 b ||||| |||| 00| 0 eng d | ||
| 040 |
_cBD-DhUL _dBD-DhUL |
||
| 082 |
_a320 _bCHS |
||
| 100 | _aচৌধুরী, সিতারা | ||
| 245 | 1 | 0 |
_aসময়ের কাথা / _cসিতারা চৌধুরী |
| 260 |
_aঢাকা : _bবিছারপতি আবদুর রহমানপ চৌধুরী ফাউন্ডেশন, _c২০০৩. |
||
| 300 |
_a১২৪ পৃ. ; _c২১ সে. মি. |
||
| 650 | 0 | _aরাজনীতি | |
| 650 | 0 | _aPolitics | |
| 942 |
_2ddc _cBK |
||
| 999 |
_c99683 _d99683 |
||